000 00474cam a2200181ua 4500
001 5785
008 131022n ii |||gr||||Z||||||eng
020 _a81-7646-523-2
040 _cMAIN
082 _a305.8
245 1 1 _aMizo Tribes of North East India
_cby S.H.M.Rizvi
260 _aDelhi:
_bB.R.Publishing Corporation,
_c2006.
300 _avii,103p.
653 _aSociology
653 _aMizo Tribes of North East India
700 1 _aRizvi,S.H.M,
_eAuthor.
942 _cBK
999 _c4943
_d4943